00748nam a22002057a 450000500170000001000150001702000110003203500130004303700130005608200120006910000190008124501110010026000430021127000590025430000210031350000400033494200260037499900170040095201250041720140416152438.0 aENG-109223 c100.00 aEN-92756 bDBAD/PUB a332.042 aKavaljit Singh aFixing global finance :cby Kavaljit Singhba developing country perspective on global financial reforms / aHyderabadbPrajasakti Book Housec2011 aM.H. Bhavan, Plot No.21/1, AzamabadbHyderabade500020 a127p.c22cm(pbk) aIncludes bibliographical references 2ddccENmKAVh332.042 c82282d82282 001040718NFICaDBADbDBADd2014-01-30eDBAD/PUBg100.00l0o332.042 KAVpEN-92756r2014-01-30 00:00:00t1v100.00yEN